000 00710nam a2200229Ia 4500
003 OSt
005 20220918225031.0
006 a|||||r|||| 00| 0
007 ta
008 220917b |||||||| |||| 00| 0 eng d
024 _a236,285
037 _cTextual
040 _aARTS
_cARTS
_beng
041 _2eng
_aeng
082 _aa,6'K, M2
100 _aMikolajczak Michael Allen Ed.
_9149509
245 0 _aA selected catalog of books in the 17th century research collection of the university of wisconsin milwaukee
260 _aMilwaukee
_bThe Golda Meir Library
_c1982
300 _axii,71p.
_ccm.
942 _ha,6'K, M2
_cTEXL
_2CC
999 _c283198
_d283198